Datum a čas kvízu
31.5
Celkem bodů
Celkový počet nahraných bodů na tomto kvízu bez doplňovacích otázek.
5.
Pořadí na kvízu
Konečné umístění týmu na tomto kvízu.
Zaznamenané odpovědi
| # | Otázka | Odpověď | Body | Výsledky |
|---|---|---|---|---|
| 1. | 22. ledna proběhla volba novéh... | Michael Kohajda, KDU-ČSL | 1 | |
| 2. | Před dvěma týdny odhalil festi... | RGB | 1 | |
| 3. | Už příští týden nás čeká tradi... | Daniel Stach | 1 | |
| 4. | Univerzita Palackého dlouhodob... | přírodovědecká fakulta | 1 | |
| 5. | Koncem ledna proběhly v Turíně... | ženský hokej | 1 | |
| 6. | Ač není hraní počítačových her... | Warhorse Studios | 0 | |
| 7. | Jak zní křestní jméno hlavní p... | Jindřich | 1 | |
| 8. | Předobrazem herních lokalit by... | Kutná Hora | 1 | |
| 9. | Na vlně popularity hry se tzv.... | Markéta Pekarová Adamová | 1 | |
| 10. | A na závěr jazykové okénko. Ja... | vysvobození/vykoupení | 0 |